[Event "45th Olympiad 2024"]
[Site "Budapest HUN"]
[Date "2024.09.14"]
[Round "4.17"]
[Board "4"]
[White "Nisipeanu, Liviu-Dieter"]
[Black "Apol, Luitjen Akselsson"]
[Result "1-0"]
[WhiteElo "2580"]
[BlackElo "2219"]
[PlyCount "71"]
[EventDate "2024.09.11"]
[WhiteTeam "Romania"]
[BlackTeam "Faroe Islands"]
[WhiteTeamCountry "ROU"]
[BlackTeamCountry "FAI"]

1. e4 c5 2. Nf3 d6 3. Bc4 Nf6 4. d3 e6 5. O-O Be7 6. Nbd2 ({RR} 6. a4 d5 7. Bb5+ Kf8 8. e5 Ng8 9. a5 a6 10. Ba4 Qxa5 11. c4 d4 12. Nbd2 Qc7 13. Ne4 Bd7 14. Bxd7 Nxd7 15. Bf4 h6 16. h4 g6 17. b4 cxb4 18. Nxd4 Rd8 19. Qf3 Kg7 20. Nd6 Bxd6 {0-1 Carlsen,M (2830)-So,W (2752) CCT Final KO 2023 (2.22)}) 6... O-O 7. a4 d5 $146 ({RR} 7... Nc6 8. Bb3 b6 9. Re1 Bb7 10. Nf1 a6 11. Ng3 b5 12. c3 b4 13. d4 bxc3 14. bxc3 cxd4 15. cxd4 Nb4 16. d5 exd5 17. exd5 Nfxd5 18. Bb2 Bf6 19. Rb1 a5 20. Ne4 Bxb2 21. Rxb2 Nf4 22. Rd2 {½-½ Christiansen,L (2579)-Novikov,I (2509) ch-USA Seniors 2024 (2.1)}) ({RR} 7... Nc6 8. Re1 a6 9. c3 Bd7 10. Bb3 b5 11. Nf1 Qc7 12. Ng3 Rfc8 13. Bf4 Qb7 14. axb5 axb5 15. Rxa8 Qxa8 16. d4 cxd4 17. cxd4 Nb4 18. h4 h6 19. h5 Bf8 20. Qd2 Nc6 21. Bc2 Qa5 22. Qd1 {0-1 Aronian,L (2775)-Erigaisi,A (2689) FTX Road to Miami Prelim 2022 (2)}) ({RR} 7... b6 8. Re1 Bb7 9. c3 Nbd7 10. Bb3 Qc7 11. Bc2 Rac8 12. Nf1 Rfe8 13. Ng3 Ne5 14. Nxe5 dxe5 15. Qe2 Rcd8 16. h3 Ba6 17. b3 Rd7 18. Be3 Red8 19. Rad1 h6 20. Rf1 Bd6 21. Kh1 Rf8 22. Kh2 {1-0 Giri,A (2745)-Adireddy,A (2300) Titled Tue 23rd Apr Early 2024 (2)}) 8. Ba2 Nc6 9. c3 b6 10. Re1 Qc7 11. e5 Nd7 12. d4 Ba6 13. Bb1 Rfc8 14. Nf1 Nf8 15. h4 Qd8 16. h5 cxd4 17. cxd4 Nb4 18. Ne3 Rc6 19. Ra3 Rac8 20. Bd2 Bc4 21. Ng4 a5 22. Nfh2 Nd7 23. Qf3 Qf8 24. Qf4 Ba6 25. Rg3 Kh8 26. Bc3 b5 27. axb5 Bxb5 28. Rf3 Kg8 29. Qg3 Kh8 30. Bg6 fxg6 31. Rxf8+ Nxf8 32. h6 a4 33. Qf4 gxh6 34. Bxb4 Bg5 35. Qg3 Rc1 36. Nf3 1-0

[Event "45th Olympiad 2024"]
[Site "Budapest HUN"]
[Date "2024.09.14"]
[Round "4.18"]
[Board "1"]
[White "Rodshtein, Maxim"]
[Black "Ashiku, Franc"]
[Result "1-0"]
[WhiteElo "2600"]
[BlackElo "2400"]
[PlyCount "79"]
[EventDate "2024.09.11"]
[WhiteTeam "Israel"]
[BlackTeam "Albania"]
[WhiteTeamCountry "ISR"]
[BlackTeamCountry "ALB"]

1. c4 e6 2. Nf3 d5 3. g3 Nf6 4. Bg2 Bd6 5. O-O O-O 6. d4 h6 7. Qc2 Nc6 8. Bd2 $146 ({RR} 8. a3 dxc4 9. Qxc4 e5 10. dxe5 Nxe5 11. Nxe5 Bxe5 12. Nc3 c6 13. Qb3 Qe7 14. Qc2 Re8 15. Re1 Bg4 16. e4 Qe6 17. Ne2 Bh3 18. Bh1 Rad8 19. Nf4 Bxf4 20. Bxf4 Bf5 21. f3 Bg6 22. Be3 b6 {0-1 Tomasi,E (2030)-Guichard,P (2374) ch-FRA w 2023 (2.1)}) ({RR} 8. Nbd2 Re8 9. b3 e5 10. dxe5 Nxe5 11. Bb2 dxc4 12. Bxe5 Bxe5 13. Nxe5 Rxe5 14. Nxc4 Re8 15. e4 Qe7 16. e5 Nd7 17. f4 Nb6 18. Ne3 c6 19. Rae1 Bd7 20. Qd2 Rad8 21. Qa5 Nc8 22. Rd1 f6 {0-1 Dubov,D (2710)-Carlsen,M (2847) DM Carlsen-Dubov blitz 2021 (7)}) ({RR} 8. a3 Re8 9. Nbd2 dxc4 10. Nxc4 Bf8 11. b4 a5 12. b5 Nxd4 13. Nxd4 Qxd4 14. Bb2 Qc5 15. Bxf6 gxf6 16. a4 e5 17. Rac1 Rd8 18. e3 c6 19. Qb1 cxb5 20. Nxa5 Qa7 21. Nxb7 Bxb7 22. Rc7 Rab8 {0-1 Povshednyi,I (2242)-Bardyk,A (2268) Titled Tue 18th Jun Late 2024 (9)}) ({RR} 8. Nc3 dxc4 9. Nb5 e5 10. dxe5 Nxe5 11. Rd1 Qe7 12. Nxd6 cxd6 13. Nxe5 dxe5 14. Qxc4 Be6 15. Qb5 Rfd8 16. Rxd8+ Rxd8 17. Be3 Nd5 18. Bxa7 b6 19. Bxb6 Qb7 20. Rd1 Rd6 21. Qe8+ Kh7 22. Bc5 Ne3 {0-1 Manko,M (2159)-Kotyk,M (2018) 23rd ch-EUR Indiv 2023 (5.207)}) 8... Re8 9. Rd1 Bf8 10. Be1 dxc4 11. Na3 Bxa3 12. bxa3 Qe7 13. Qxc4 Qxa3 14. Ne5 Bd7 15. Rab1 Rab8 16. Nxd7 Nxd7 17. Rxb7 Na5 18. Qb4 Qxb4 19. Rxb4 Rxb4 20. Bxb4 Nc4 21. Rc1 Ndb6 22. e3 a5 23. Be1 Rc8 24. Bb7 Rb8 25. Ba6 Nd6 26. Rxc7 Nd5 27. Rc6 Rb1 28. Kf1 Nf5 29. Bd3 Ra1 30. Rc8+ Kh7 31. g4 Nb4 32. Be4 g6 33. gxf5 gxf5 34. Bc2 Kg7 35. Ke2 Rxa2 36. Bxb4 axb4 37. Kf3 Rb2 38. Bd3 Rd2 39. Bc2 Kf6 40. Rc4 1-0

[Event "45th Olympiad 2024"]
[Site "Budapest HUN"]
[Date "2024.09.14"]
[Round "4.19"]
[Board "2"]
[White "Petrov, Martin"]
[Black "Olson, Hamish"]
[Result "1-0"]
[WhiteElo "2536"]
[BlackElo "2384"]
[PlyCount "83"]
[EventDate "2024.09.11"]
[WhiteTeam "Bulgaria"]
[BlackTeam "Scotland"]
[WhiteTeamCountry "BUL"]
[BlackTeamCountry "SCO"]

1. e4 e5 2. Nf3 Nc6 3. Bc4 Nf6 4. d3 Bc5 5. O-O d6 6. c3 a6 7. a4 Ba7 8. Re1 O-O 9. h3 b5 10. Ba2 h6 11. Nbd2 b4 12. Nf1 bxc3 $146 ({RR} 12... Be6 13. Bxe6 fxe6 14. Be3 Bxe3 15. Rxe3 Rb8 16. d4 bxc3 17. bxc3 a5 18. Ng3 Rb2 19. Re2 Rb6 20. Qd3 Qd7 21. Rd2 {½-½ Santos Ruiz,M (2593)-Gustafsson,J (2620) Bundesliga 2023-24 (7.3)}) ({RR} 12... a5 13. Ne3 Rb8 14. Bc4 Be6 15. Nh2 bxc3 16. bxc3 Bxe3 17. Rxe3 Bxc4 18. dxc4 Ne7 19. Qe2 Ng6 20. Rf3 Nd7 21. Ng4 Nc5 22. g3 Qd7 23. Bxh6 Qc6 24. Re1 gxh6 25. Nxh6+ Kh7 26. Nf5 Rh8 27. Re3 {1-0 Przybylski,W (2321)-Oyama,A (2197) Titled Tuesday intern op 7th April blitz 2020 (5)}) 13. bxc3 Re8 14. Ng3 Ne7 15. d4 Nc6 16. Be3 exd4 17. cxd4 d5 18. e5 Ne4 19. Nxe4 dxe4 20. Qc2 Nxd4 21. Nxd4 Bxd4 22. Rad1 c5 23. Qxe4 Be6 24. Bxe6 Rxe6 25. Bxd4 cxd4 26. Rxd4 Qf8 27. f4 Rae8 28. Kh2 f6 29. Rd5 fxe5 30. Rxe5 Rxe5 31. fxe5 Re6 32. Rd1 Qe8 33. Rd5 Qg6 34. Qf4 Qh5 35. Rc5 Kh7 36. a5 Kh8 37. Qf8+ Kh7 38. g4 Qg5 39. Qf5+ Rg6 40. Qe4 h5 41. Rc6 hxg4 42. Qxg6+ 1-0

[Event "45th Olympiad 2024"]
[Site "Budapest HUN"]
[Date "2024.09.14"]
[Round "4.19"]
[Board "3"]
[White "Waldhausen Gordon, Frederick"]
[Black "Petkov, Momchil"]
[Result "1/2-1/2"]
[WhiteElo "2351"]
[BlackElo "2540"]
[PlyCount "81"]
[EventDate "2024.09.11"]
[WhiteTeam "Scotland"]
[BlackTeam "Bulgaria"]
[WhiteTeamCountry "SCO"]
[BlackTeamCountry "BUL"]

1. c4 Nf6 2. Nf3 g6 3. Nc3 Bg7 4. e4 d6 5. d4 O-O 6. Be2 e5 7. dxe5 dxe5 8. Qxd8 Rxd8 9. Bg5 Re8 10. Nd5 Nxd5 11. cxd5 c6 12. dxc6 Nxc6 13. O-O f5 $146 ({RR} 13... Bg4 14. h3 Bxf3 15. Bxf3 Nd4 16. Rfc1 Rac8 {½-½ Kholmov,R-Nezhmetdinov,R Bucharest Int 04th 1954 (15)}) ({RR} 13... Nd4 14. Nxd4 exd4 15. Bd3 Be6 16. Rac1 Rac8 17. a3 a6 18. Rxc8 Rxc8 19. Rc1 Rxc1+ 20. Bxc1 b5 21. Kf1 Bb3 22. Ke2 Kf8 23. Bd2 Ke7 24. Bb4+ Kd7 25. g3 Kc6 26. f4 Kb6 27. Kd2 a5 28. Be7 {½-½ Ratushnyi,V (1959)-Babiy,I (2279) 6th Bamberg Open 2024 (4.14)}) ({RR} 13... Be6 14. Bb5 f6 15. Bxc6 bxc6 16. Be3 Red8 17. b3 a5 18. Rac1 Ra6 19. Rc5 Bf8 20. Rc2 Kf7 21. Rfc1 Rc8 22. Bc5 Bxc5 23. Rxc5 Ke7 24. Nd2 Kd7 25. Nc4 a4 26. Rd1+ Ke7 27. b4 a3 28. Rc1 {1-0 Moeller,J (1469)-Alaime,M (1834) FRA-ch Blitz Online Qual 2020 (4)}) ({RR} 13... Be6 14. b3 f6 15. Be3 Bf8 16. Rfd1 Rad8 17. Kf1 Kf7 18. Bb5 Rxd1+ 19. Rxd1 Rc8 20. Nd2 a6 21. Bc4 Rd8 22. Ke2 b5 23. Bxe6+ Kxe6 24. a4 Nd4+ 25. Bxd4 Rxd4 26. axb5 axb5 27. f3 h5 28. Nf1 {1-0 Arias Gaviria,M (2181)-Valle Maytin,L (2284) Titled Tuesday intern op 21st Dec blitz 2021 (3)}) 14. Bc4+ Be6 15. Bxe6+ Rxe6 16. Be3 Bf6 17. Rfd1 f4 18. Bc5 g5 19. h3 b6 20. Ba3 Nd4 21. Kf1 Rc8 22. Rac1 Rxc1 23. Rxc1 Rc6 24. Rxc6 Nxc6 25. Ke2 Kf7 26. Kd3 b5 27. Bc5 h6 28. Bd6 a6 29. Kc3 h5 30. g4 hxg4 31. hxg4 Ke6 32. Bc5 Bd8 33. Kd3 Kf6 34. a3 Be7 35. Bxe7+ Nxe7 36. Kc3 Nc6 37. b3 Kg6 38. Ne1 Kf6 39. Nf3 Kg6 40. Ne1 Kf6 41. Nf3 1/2-1/2

[Event "45th Olympiad 2024"]
[Site "Budapest HUN"]
[Date "2024.09.14"]
[Round "4.19"]
[Board "4"]
[White "Grigorov, Grigor"]
[Black "Gourlay, Iain"]
[Result "1/2-1/2"]
[WhiteElo "2514"]
[BlackElo "2296"]
[PlyCount "65"]
[EventDate "2024.09.11"]
[WhiteTeam "Bulgaria"]
[BlackTeam "Scotland"]
[WhiteTeamCountry "BUL"]
[BlackTeamCountry "SCO"]

1. Nf3 d5 2. g3 e6 3. Bg2 Nf6 4. c4 Bd6 5. d4 O-O ({RR} 5... h6 6. O-O O-O 7. Nc3 Nc6 8. b3 dxc4 9. bxc4 e5 10. e3 Re8 11. Bb2 exd4 12. exd4 Bf5 13. Nb5 Be7 14. Qb3 Na5 15. Qc3 c6 16. Na3 b5 17. c5 Nd5 18. Qc1 Bg5 19. Nxg5 hxg5 20. Re1 {1-0 Ponomariov,R (2646)-Andersen,M (2598) 57th Capablanca Mem Elite 2024 (5.3)}) 6. Bg5 $146 ({RR} 6. Nbd2 Nbd7 7. c5 Be7 8. b4 Ne4 9. Bb2 f5 10. O-O Bf6 11. a4 c6 12. Qc2 Qc7 13. Ra3 {½-½ Juhasz,M (2172)-Marodi,M (2144) Budapest FS06 FM-A 2005 (3)}) ({RR} 6. Nbd2 b6 7. O-O Bb7 8. b3 Nbd7 9. Bb2 Re8 10. Ne5 Qc8 11. cxd5 exd5 12. Ndf3 Bxe5 13. dxe5 Ne4 14. Qc2 c5 15. Rad1 f6 16. Bh3 fxe5 17. Bxd7 Qxd7 18. Qxe4 dxe4 19. Rxd7 Bc8 20. Rc7 exf3 {½-½ Makarian,R (2524)-Bardyk,A (2268) Titled Tue 18th Jun Early 2024 (9)}) ({RR} 6. Nc3 dxc4 7. Qa4 Bd7 8. Qxc4 Bc6 9. O-O Nbd7 10. Qd3 Re8 11. e4 e5 12. d5 Nc5 13. Qc2 Bd7 14. b4 Na6 15. a3 c6 16. dxc6 bxc6 17. Rd1 Bc7 18. Bg5 Nb8 19. Nh4 h6 20. Be3 Ng4 {1-0 Trzaska,P (2060)-Jedner,V (1700) Bochum-ch 1996}) ({RR} 6. b3 Re8 7. Bb2 c6 8. O-O Nbd7 9. Qc2 e5 10. dxe5 Nxe5 11. Nxe5 Bxe5 12. e3 Bxb2 13. Qxb2 dxc4 14. bxc4 Qc7 15. Nd2 Be6 16. Rfc1 Rad8 17. Ne4 Nxe4 18. Bxe4 Rd7 19. Qe2 Qe5 20. Bf3 Qc5 {0-1 Ivanic,P-Biros,R (1765) SVK-chT2 9798 1997}) 6... h6 7. Bxf6 Qxf6 8. c5 Be7 9. Nc3 b6 10. e4 bxc5 11. exd5 Bb7 12. O-O Rd8 13. dxe6 fxe6 14. Re1 cxd4 15. Qb3 dxc3 16. Qxb7 Nd7 17. bxc3 Nc5 18. Qc6 Rab8 19. Rad1 Bd6 20. Nd4 Rb2 21. Re2 Rdb8 22. Rdd2 R2b6 23. Qf3 Rb1+ 24. Bf1 Qxf3 25. Nxf3 Rc1 26. Rc2 Rbb1 27. Rxc1 Rxc1 28. Nd4 Kf7 29. Kg2 e5 30. Nc6 e4 31. Nxa7 Rxc3 32. Nb5 Rc1 33. Rd2 1/2-1/2

[Event "45th Olympiad 2024"]
[Site "Budapest HUN"]
[Date "2024.09.14"]
[Round "4.20"]
[Board "1"]
[White "Kozak, Adam"]
[Black "Tran, Thanh Tu"]
[Result "0-1"]
[WhiteElo "2609"]
[BlackElo "2387"]
[PlyCount "132"]
[EventDate "2024.09.11"]
[WhiteTeam "Hungary B"]
[BlackTeam "Japan"]
[BlackTeamCountry "JPN"]

1. d4 Nf6 2. c4 e6 3. Nc3 Bb4 4. e3 O-O 5. Bd3 d5 6. a3 Bxc3+ 7. bxc3 dxc4 8. Bxc4 c5 9. Ne2 Nbd7 ({RR} 9... b6 10. O-O Qc7 11. Ba2 Rd8 12. Bb2 Ba6 13. Rc1 Nc6 14. c4 cxd4 15. exd4 Ng4 16. Ng3 Qf4 17. h3 Nf6 18. Ne2 Qh4 19. Qa4 Bb7 20. Qb3 Rac8 21. Rfd1 Na5 22. Qg3 Qxg3 23. Nxg3 Ba6 24. c5 {0-1 Rakhmanov,A (2653)-Mamedyarov,S (2799) Wch Rapid Riadh 2017 (1)}) 10. O-O ({RR} 10. Ba2 b6 11. O-O Bb7 12. f3 Rc8 13. e4 e5 14. d5 Ne8 15. Ng3 Nd6 16. Be3 Ba6 17. Rf2 c4 18. f4 f6 19. f5 Nc5 20. Bxc5 Rxc5 21. Qf3 Bb5 22. Nf1 Be8 23. Ne3 Qc7 24. g4 Kf7 {½-½ Gubanov,O (2285)-Sheahan,B (2008) Sligo Masters 2024 (2.1)}) 10... e5 11. Bb2 $146 ({RR} 11. a4 Qc7 12. Ba2 b6 13. Ba3 Ba6 14. c4 Rfe8 15. d5 e4 16. Ng3 Qe5 17. Qc2 Qg5 18. Rae1 h5 19. f4 exf3 20. gxf3 h4 21. Qf5 Re5 22. Qh3 hxg3 23. f4 Qh5 24. Qxh5 Rxh5 25. hxg3 Ne4 {0-1 Fradkin,B (2405)-Luther,T (2410) Sverdlovsk 1989}) ({RR} 11. Ba2 Qc7 12. Ng3 b6 13. e4 Ba6 14. Re1 Rad8 15. d5 c4 16. Nf5 Nc5 17. Bg5 Rd6 18. Nxd6 Qxd6 19. Bb1 Nfd7 20. Bc2 h6 21. Be3 Rc8 22. Qg4 Rc7 23. a4 Nf6 24. Qh4 Bc8 25. f3 Bd7 {1-0 Sellos,D (2410)-Roos,J (2350) FRA-chT France 1995}) ({RR} 11. a4 exd4 12. cxd4 cxd4 13. Nxd4 Ne5 14. Be2 Bd7 15. Ba3 Re8 16. Nb5 Ne4 17. Qd4 Nc6 18. Qb2 a6 19. Nd6 Nxd6 20. Bxd6 Na5 21. Rfd1 Bc6 22. Bf4 Qf6 23. Qb4 Qf5 24. Bc7 Qg6 25. Bf1 b6 {1-0 Groszpeter,A (2495)-Taylor,G (2335) Saint John op-1 1988}) 11... Qc7 12. Ba2 c4 13. a4 b6 14. f3 a6 15. Bb1 Bb7 16. e4 b5 17. Qe1 Rfe8 18. Bc2 Bc6 19. a5 Rab8 20. d5 Bb7 21. Qd2 Bc8 22. Kh1 h6 23. Ng3 Nf8 24. Ba3 Ng6 25. Bb4 Nf4 26. Rad1 g5 27. Ne2 Ng6 28. Qe3 Bd7 29. Rf2 Kh7 30. Qd2 Qa7 31. Ng3 Rg8 32. Nf1 Nf4 33. Ne3 Rbe8 34. g3 Nh3 35. Rg2 h5 36. Rf1 Rg6 37. Nd1 h4 38. g4 Nf4 39. Rgf2 Qc7 40. Ne3 Rgg8 41. Qc1 Rc8 42. Re1 Ne8 43. Qa3 Rg6 44. d6 Qa7 45. Rd2 Rc6 46. Nd5 Nf6 47. Nb6 h3 48. Bc5 Qb7 49. Kg1 Kh6 50. Be3 Ne8 51. Red1 Rf6 52. Rf2 Kg7 53. Nd5 Rfxd6 54. Rfd2 Bxg4 55. fxg4 Qd7 56. Rf1 Qxg4+ 57. Kf2 Nxd5 58. exd5 Rf6+ 59. Ke1 Rxf1+ 60. Kxf1 Rf6+ 61. Ke1 Qf3 62. Re2 Qh1+ 63. Kd2 Rf1 64. Bf2 Qxd5+ 65. Ke3 Nf6 66. Bf5 Ng4+ 0-1

[Event "45th Olympiad 2024"]
[Site "Budapest HUN"]
[Date "2024.09.14"]
[Round "4.20"]
[Board "3"]
[White "Prohaszka, Peter2"]
[Black "Aoshima, Mirai"]
[Result "1-0"]
[WhiteElo "2542"]
[BlackElo "2385"]
[PlyCount "51"]
[EventDate "2024.09.11"]
[WhiteTeam "Hungary B"]
[BlackTeam "Japan"]
[BlackTeamCountry "JPN"]

1. d4 Nf6 2. c4 e6 3. Nf3 c5 4. d5 b5 5. e4 Nxe4 6. Bd3 Nf6 7. Nc3 bxc4 8. Bxc4 Ba6 9. Bxa6 Nxa6 10. Bg5 ({RR} 10. O-O Nb4 11. Bg5 Qb6 12. Bxf6 gxf6 13. a3 Na6 14. Ne4 f5 15. dxe6 O-O-O 16. exd7+ Rxd7 17. Ned2 Rg8 18. Qc2 Qg6 19. g3 f4 20. Qa4 fxg3 21. hxg3 Bg7 22. Nc4 Bd4 23. Qxd7+ Kxd7 24. Nce5+ Ke6 {1-0 Matlakov,M (2718)-Kosteniuk,A (2561) Titled Tuesday intern op 2nd Jan blitz 2018 (6)}) 10... Qb6 $146 ({RR} 10... Qb8 11. Qa4 Nb4 12. Bxf6 gxf6 13. Rd1 Nxd5 14. Nxd5 exd5 15. O-O d4 16. Rfe1+ Be7 17. Qa3 d6 18. Nh4 Kd8 19. Nf5 Re8 20. Qf3 Kd7 21. Qd5 Bf8 22. Rxe8 Qxe8 23. Qb7+ Ke6 24. g4 {1-0 Moranda,W (2554)-Koziorowicz,M (2324) 81st PGNig ch-POL 2024 (5.5)}) ({RR} 10... Qb8 11. Bxf6 gxf6 12. O-O Qxb2 13. Qd3 Nb4 14. Qc4 Qc2 15. Rfd1 Nxd5 16. Rxd5 exd5 17. Qxd5 Rb8 18. Ne5 Be7 19. Qxf7+ Kd8 20. Qd5 fxe5 21. Qxe5 Qb2 22. Qxh8+ Kc7 23. Qe5+ Bd6 24. Qe1 Re8 25. Nd5+ {1-0 Girel,J (2395)-Defromont,B (2289) ch-FRA U20 2023 (4.2)}) 11. O-O Qxb2 12. dxe6 fxe6 13. Ne5 Be7 14. Bxf6 gxf6 15. Qxd7+ Kf8 16. Qxe6 fxe5 17. Nd5 Re8 18. Rab1 Qc2 19. Nxe7 Rxe7 20. Qf6+ Ke8 21. Qxh8+ Kf7 22. f4 e4 23. Qxh7+ Kf8 24. Qh8+ Kf7 25. f5 e3 26. f6 1-0

[Event "45th Olympiad 2024"]
[Site "Budapest HUN"]
[Date "2024.09.14"]
[Round "4.21"]
[Board "3"]
[White "Orozbaev, Eldiyar"]
[Black "Subelj, Jan"]
[Result "0-1"]
[WhiteElo "2376"]
[BlackElo "2498"]
[PlyCount "58"]
[EventDate "2024.09.11"]
[WhiteTeam "Kyrgyzstan"]
[BlackTeam "Slovenia"]
[WhiteTeamCountry "KGZ"]
[BlackTeamCountry "SLO"]

1. e4 e5 2. Nf3 Nc6 3. Bc4 Bc5 4. c3 Nf6 5. d4 exd4 6. b4 Bb6 7. e5 d5 8. exf6 dxc4 9. Qe2+ Be6 10. b5 Nb4 11. cxb4 Qxf6 12. O-O O-O 13. a4 a5 ({RR} 13... a6 14. a5 axb5 15. Na3 d3 16. Qd2 Bd4 17. Nxd4 Qxd4 18. Bb2 Qd5 19. Rae1 c6 20. Re5 Qd7 21. Rfe1 Rae8 22. Nb1 f6 23. R5e3 Bf5 24. Qc3 Rxe3 25. Rxe3 Re8 26. Qd4 Kf7 27. Nd2 Qxd4 28. Bxd4 {½-½ Orozbaev,E (2376)-Short,N (2594) FIDE World Rapid Team 2024 (6.43)}) 14. bxa6 ({RR} 14. bxa5 Rxa5 15. Bg5 Qf5 16. Bd2 c3 17. Nxc3 dxc3 18. Bxc3 Raa8 19. Nd4 Bxd4 20. Bxd4 c6 21. bxc6 bxc6 22. Qe5 Qxe5 23. Bxe5 f6 24. Bd4 Rfb8 25. a5 Rb5 26. Rfc1 Raxa5 27. Rxa5 Rxa5 28. Rxc6 Rd5 {½-½ Rossi,G (1941)-Mannion,S (2135) Maia Chess Open 2024 (8.35)}) 14... bxa6 15. Na3 $146 ({RR} 15. a5 Ba7 16. Qe5 Qxe5 17. Nxe5 c5 18. bxc5 Bxc5 19. Nd2 c3 {½-½ Andreev,K (2151)-Korneev,O (2473) 2nd Bella Italia Master 2023 (9.4)}) ({RR} 15. a5 Ba7 16. Qe5 Qg6 17. Bb2 c3 18. Nxc3 dxc3 19. Bxc3 Rab8 20. Nh4 Qh6 21. Nf5 Bxf5 22. Qxf5 Rb5 23. Qe4 Qg6 24. Qxg6 hxg6 25. Rad1 c5 26. bxc5 Bxc5 27. Rd7 Re8 28. Rc1 Re2 29. Rd2 Rxd2 {1-0 Andreev,K (2167)-Carlo,E (2321) 8th Easter Montesilvano 2023 (6.4)}) ({RR} 15. a5 Ba7 16. Bg5 Qg6 17. Nbd2 c3 18. Nxd4 Bxd4 19. Nf3 Bg4 20. Be3 Rfe8 21. Rfd1 Rad8 22. Rac1 Qe4 23. Qc4 Bxf3 24. Rxd4 Rxd4 25. Qxd4 Qg6 26. g3 c2 27. Qd7 Bc6 28. Qd4 Qh5 29. Rxc2 Qf3 {0-1 Fuhrmann,B (1973)-Kort,F (1858) Kiel op 34th 2022 (8)}) 15... d3 16. Qd2 Qxa1 17. Bb2 Qa2 18. Qc3 f6 19. Nd2 c5 20. Naxc4 cxb4 21. Qxb4 Bxc4 22. Nxc4 Ba7 23. Ra1 d2 24. Nxd2 Qd5 25. Ba3 Rab8 26. Qf4 Rfd8 27. Nf1 Qd4 28. Qxd4 Rxd4 29. a5 Ra4 0-1

[Event "45th Olympiad 2024"]
[Site "Budapest HUN"]
[Date "2024.09.14"]
[Round "4.21"]
[Board "4"]
[White "Lavrencic, Matic"]
[Black "Abdyzhapar, Asylbek"]
[Result "0-1"]
[WhiteElo "2360"]
[BlackElo "2357"]
[PlyCount "100"]
[EventDate "2024.09.11"]
[WhiteTeam "Slovenia"]
[BlackTeam "Kyrgyzstan"]
[WhiteTeamCountry "SLO"]
[BlackTeamCountry "KGZ"]

1. e4 c6 2. d4 d5 3. e5 Bf5 4. Nd2 e6 5. Nb3 Nd7 6. Nf3 h6 7. Be2 Ne7 8. O-O Bg6 9. c3 ({RR} 9. Ne1 c5 10. Nxc5 Nxc5 11. dxc5 Nc6 12. Be3 d4 13. Bf4 Bxc5 14. Bd3 O-O 15. Bxg6 fxg6 16. Nd3 Bb6 17. Qg4 Qe8 18. Bd2 Rf5 19. Qe4 g5 20. b4 Qd7 21. a4 a5 22. Rfb1 Rf7 23. bxa5 Bxa5 {1-0 Erdogmus,Y (2540)-Senthil,M (2301) GRENKE Chess Open 2024 (3.24)}) 9... Nf5 10. Bd3 Be7 $146 ({RR} 10... c5 11. dxc5 Nxc5 12. Bb5+ Nd7 13. c4 dxc4 14. Na5 a6 15. Nxb7 Qc8 16. Bxd7+ Qxd7 17. Qxd7+ Kxd7 18. Na5 Rc8 19. Rd1+ Ke8 20. Bd2 Ne7 21. Rac1 Bd3 22. Be3 g5 23. Ne1 Rb8 24. Nxd3 cxd3 25. Rxd3 {½-½ Alekseev,E (2714)-Matlakov,M (2665) RUS-ch Higher League 66th 2013 (9)}) 11. g4 Nh4 12. Nxh4 Bxd3 13. Qxd3 Bxh4 14. f4 Qe7 15. Qh3 g5 16. Nd2 h5 17. f5 exf5 18. gxf5 g4 19. Qd3 O-O-O 20. f6 Qe6 21. Qf5 Nf8 22. Kg2 Qxf5 23. Rxf5 Ne6 24. Nb3 Rdg8 25. Bd2 Bg5 26. Rg1 h4 27. Kf1 Bxd2 28. Nxd2 Kd7 29. Ke2 b6 30. Nf1 c5 31. dxc5 bxc5 32. Ne3 g3 33. hxg3 hxg3 34. Rg2 d4 35. Nf1 Rb8 36. Kd3 Rh4 37. Rxg3 Rxb2 38. cxd4 Rxd4+ 39. Kc3 Rxa2 40. Rg8 Rda4 41. Rb8 R4a3+ 42. Kc4 Rc2+ 43. Kd5 Rd3+ 44. Ke4 c4 45. Ne3 Re2 46. Rf3 Ng5+ 47. Kf4 Nxf3 48. Nxc4 Nd4 49. Rb7+ Kc6 50. Na5+ Kc5 0-1

[Event "45th Olympiad 2024"]
[Site "Budapest HUN"]
[Date "2024.09.14"]
[Round "4.22"]
[Board "4"]
[White "Asllani, Muhamet"]
[Black "Kozul, Zdenko"]
[Result "0-1"]
[WhiteElo "2191"]
[BlackElo "2515"]
[PlyCount "56"]
[EventDate "2024.09.11"]
[WhiteTeam "Kosovo"]
[BlackTeam "Croatia"]
[WhiteTeamCountry "KOS"]
[BlackTeamCountry "CRO"]

1. e4 c5 2. Nf3 Nc6 3. d4 cxd4 4. Nxd4 Qb6 5. Nb3 Nf6 6. Nc3 e6 7. Be3 Qc7 8. a3 a6 9. f4 d6 10. Be2 b5 11. Bf3 ({RR} 11. O-O Be7 12. g4 h6 13. h4 Nd7 14. g5 hxg5 15. hxg5 g6 16. Nd4 Bb7 17. Bg4 Nxd4 18. Qxd4 Rh4 19. Qd1 O-O-O 20. Bf2 Rh7 21. Qd2 d5 22. exd5 Bxg5 23. Bd4 Rh4 24. Qg2 Bxf4 25. Rad1 Bh2+ {0-1 Aghayev,M (2364)-Ivanisevic,I (2608) Bergamo op 13th 2014 (3)}) ({RR} 11. O-O Be7 12. Bf3 Bb7 13. Qe2 O-O 14. Qf2 Nd7 15. g4 Nc5 16. Nxc5 dxc5 17. Bg2 Nd4 18. g5 f6 19. gxf6 Rxf6 20. Kh1 Raf8 21. Rad1 Bd6 22. Bxd4 Rxf4 23. Qe3 cxd4 24. Qxd4 Rxf1+ 25. Rxf1 Rxf1+ {0-1 Bali,A (1928)-Gara,T (2353) HUN-chT 1516 2015 (6.12)}) 11... Rb8 12. Qd2 $146 ({RR} 12. O-O Be7 13. Qe2 O-O 14. Rad1 Re8 15. Qf2 b4 16. axb4 Rxb4 17. e5 dxe5 18. Bxc6 Qxc6 19. fxe5 Ng4 20. Qxf7+ Kh8 21. Na5 {1-0 Putzbach,G (2275)-Hawranke,D Pinneberg-ch op 1993 (6)}) ({RR} 12. O-O Be7 13. Rc1 O-O 14. Ne2 Na5 15. Nxa5 Qxa5 16. e5 dxe5 17. fxe5 Nd5 18. Bd4 Bg5 19. Rb1 Be3+ 20. Bxe3 Nxe3 21. Qd6 Qb6 22. Qxb6 Rxb6 23. Rfc1 Nc4 24. Nd4 Nxe5 25. Be2 Bb7 26. Re1 Rd8 {0-1 Kamenov,V (1842)-Stoynov,Y (2221) BUL-chT GpB 63rd 2013 (3.3)}) ({RR} 12. O-O Be7 13. Qe2 O-O 14. g4 Nd7 15. g5 Re8 16. h4 Bf8 17. Qg2 Nb6 18. Rae1 Nc4 19. Bc1 a5 20. Kh1 b4 21. axb4 Rxb4 22. e5 d5 23. h5 a4 24. Nd2 Nd4 25. Nxc4 Rxc4 26. g6 Nxf3 {0-1 Ivic,M (2267)-Kurajica,B (2527) CRO-chT1A 24th 2015 (7.14)}) 12... Be7 13. g4 Nd7 14. Nd4 Nxd4 15. Bxd4 O-O 16. g5 Bb7 17. Rf1 e5 18. Be3 exf4 19. Bxf4 Ne5 20. Bxe5 dxe5 21. Nd5 Bxd5 22. exd5 e4 23. d6 Bxd6 24. Bxe4 b4 25. a4 Qe7 26. O-O-O Qxe4 27. Qxd6 b3 28. Rd3 Qe2 0-1